000 00677nam a22002417a 4500
005 20170124105919.0
010 _a550301
020 _c00
_a224617834
035 _a550301
037 _bCen Lib/Ret
040 _aDPL
_bEN
082 _a301.1
_bMOR
100 _aMorris, Desmond
_93701
245 _aHuman zoo /
_cby Desmond Morris
246 _b
260 _bJonathan cape
_aLondon
_c1966
270 _bLondon
_a30, bedford road square
300 _a256p.
_c21cm(Hb)
500 _aIncludes appendix and bibliographical references
650 _aInfluences
_xMind kind
_93702
650 _aCircumtances
_93703
942 _2ddc
_cEN
_h301.1
_mMOR
999 _c123022
_d123022